01086nam a2200241 a 450000100100000000500170001000800410002702000180006804000250008610000490011124501190016026000720027930000210035149000910037249000250046350400340048870000450052270000270056783000960059483000320069095201050072299900170082700004327120201002040757.0140303s2007 sp 000 0 spa d a9788483470275 aDO-SdBNPbspacBNPHU1 aTeresa de Mier, José Servandocfray97088710aFray Servando Teresa de Mier /cMier Noriega y Guerra, ; introducción y edición de Manuel Ortuño Martínez. aMadrid :bAgencia Española de Cooperación Internacional,c2007. a156 p. ;c24 cm.1 aAntología del pensamiento político, social y económico de América latina ;v211 aCiencias y humanismo aBibliografía : p. 155-[157]1 aOrtuño Martínez, Manuel,eed.9708881 aMier, Teresa de970889 0aAntología del pensamiento político, social y económico de América latinav21970870 0aCiencias y humanismo970218 001050718MOaGRbGRcCTd2014-03-03iLF1l0o p43271-10r2020-06-25w2020-06-25y1ZNo se presta c42760d42760